人在歐洲
| 資料類型: | 圖書 | 書目號: | 44919 |
Leader xxxxxxxxxx 001 __ PCLIS00044919 005 __ 20121212104400.00 010 0_ |a957-13-2089-7|b平裝|dNT$ 020 __ |acw|b82005151 100 __ |a20121212d2012 0chib0109 e 101 0_ |achi 102 __ |acw 105 __ |aa z 000yy 200 1_ |a人在歐洲|e|f龍應台|g 205 __ |a初版 210 __ |a臺北市|c人間|d民年 215 0_ |a面|c圖, 表|d公分 225 1_ |a|v 300 __ |a 681 __ |a855|b 700 __ |a龍應台|b|4 702 _1 |a|b|4 801 __ |acw|b本館|c20121212 |